Catalog

Record Details

Catalog Search


Search Results Showing Item 4 of 35

Available copies

  • 8 of 8 copies available at Headquarters.

Current holds

0 current holds with 8 total copies.

Location Call Number / Copy Notes Barcode Shelving Location Status Due Date
Frafraha Library 201 jFIC/HUG 000001224627 Childrens' Fiction Available -
Frafraha Library 201 jFIC/HUG 000001224634 Childrens' Fiction Available -
Frafraha Library 201 jFIC/HUG 000001224641 Childrens' Fiction Available -
Frafraha Library 201 jFIC/HUG 000001224658 Childrens' Fiction Available -
Frafraha Library 201 jFIC/HUG 000001224665 Childrens' Fiction Available -
Frafraha Library 201 jFIC/HUG 000001224672 Childrens' Fiction Available -
Frafraha Library 201 jFIC/HUG 000001224689 Childrens' Fiction Available -
Frafraha Library 201 jFIC/HUG 000001224696 Childrens' Fiction Available -

Record details

  • ISBN: 9780007185351
  • Physical Description: Paperback
  • Publisher: London HarperCollins Publishers 2005
Subject: Readers (Elementary)
LDR 00620cam a2200205Ka 4500
00176644
003HQ
00520210212141021.0
008070101s xxko br 1 eng d
020 . ‡a9780007185351
037 . ‡aGOG
082 . ‡ajFIC/HUG
100 . ‡aHughes, Monica
245 . ‡aCarry Me
260 . ‡aLondon ‡bHarperCollins Publishers ‡c2005
300 . ‡aPaperback
650 . ‡a Readers (Elementary)
901 . ‡a76644 ‡bAUTOGEN ‡c76644 ‡tbiblio
Search Results Showing Item 4 of 35

Additional Resources